Statistics for FIFA 22 TOTW 7

Click here to take the quiz!

General Stats

  • This quiz has been taken 12 times
  • The average score is 12 of 24

Answer Stats

ClubPositionRatingAnswer% Correct
PSGCB88Marquinhos
100%
ParmaGK83Gianluigi Buffon
89%
ChelseaRWB84Reece James
89%
Real MadridLW85Vinicius
89%
ArsenalGK80Aaron Ramsdale
78%
FulhamST81Aleksandar Mitrovic
78%
AC MilanCB85Simon Kjaer
78%
Atletico MadridLM86Yannick Carrasco
78%
RangersRB84James Tavernier
67%
Inter MilanCF84Joaquin Correa
67%
FiorentinaST82Dusan Vlahovic
56%
WolfsburgCM84Maximilian Arnold
56%
FreiburgLM82Vicenzo Grifo
56%
OGC NiceST84Andy Delort
44%
Adelaide UnitedLB74Joshua Cavallo
44%
CadizLM80Anthony Lozano
33%
Leyton OrientST71Aaron Drinan
22%
BragaLM81Galeno
22%
Columbus CrewCAM81Lucas Zelarayan
22%
HoffenheimLWB81Robert Skov
22%
Universitatea CraiovaLW76Andrei Ivan
11%
GenkRW81Junya Ito
11%
St Patrick'sST70Matty Smith
11%
Silkeborg IFLF74Nicolai Vallys
0%

Score Distribution

Percentile by Number Answered

Percent of People with Each Score

Your Score History

You have not taken this quiz